The summit (Record no. 283055)
[ view plain ]
| 000 -LEADER | |
|---|---|
| fixed length control field | 01839ngm a22003852a 4500 |
| 005 - DATE AND TIME OF LATEST TRANSACTION | |
| control field | 20200320192108.0 |
| 007 - PHYSICAL DESCRIPTION FIXED FIELD--GENERAL INFORMATION | |
| fixed length control field | vd cvaizs |
| 008 - FIXED-LENGTH DATA ELEMENTS--GENERAL INFORMATION | |
| fixed length control field | 140118s2012 xxu102 e vleng d |
| 020 ## - INTERNATIONAL STANDARD BOOK NUMBER | |
| International Standard Book Number | 0788617591 : |
| Terms of availability | $24.99 |
| 024 1# - OTHER STANDARD IDENTIFIER | |
| Standard number or code | 030306966793 |
| 028 42 - PUBLISHER NUMBER | |
| Publisher number | 11048867 |
| 082 0# - DEWEY DECIMAL CLASSIFICATION NUMBER | |
| Classification number | 927.965 |
| Edition number | 23 |
| 245 04 - TITLE STATEMENT | |
| Title | The summit |
| Medium | [DVD]. |
| 250 ## - EDITION STATEMENT | |
| Edition statement | Widescreen ed. |
| 260 ## - PUBLICATION, DISTRIBUTION, ETC. (IMPRINT) | |
| Place of publication, distribution, etc | [United States] : |
| Name of publisher, distributor, etc | Ifc Films, |
| Date of publication, distribution, etc | 2014. |
| 300 ## - PHYSICAL DESCRIPTION | |
| Extent | 1 videodisc (ca. 102 min.) : |
| Other physical details | sd., col. ; |
| Dimensions | 4 3/4 in. |
| 508 1# - CREATION/PRODUCTION CREDITS NOTE | |
| Creation/production credits note | Director, Nick Ryan. |
| 511 1# - PARTICIPANT OR PERFORMER NOTE | |
| Participant or performer note | Marco Confortola, Hoselito Bite, Christine Barnes. |
| 520 ## - SUMMARY, ETC. | |
| Summary, etc | In August of 2008, eighteen mountain climbers reached the top of K2, the second-highest mountain in the world. 48 hours later, eleven people were dead, making it the deadliest day in modern mountain climbing history. While memorials paid tribute to those killed, there were also condemnations about why. Why do these athletes risk everything to reach a place humans are simply not meant to go? Why do they put their lives and the lives of others on the line in order to satisfy some indefinable need? |
| 520 1# - SUMMARY, ETC. | |
| Summary, etc | "Riveting. A pulse-pounding success."--New York Times |
| 520 1# - SUMMARY, ETC. | |
| Summary, etc | "Irresistable."--Los Angeles Times |
| 520 1# - SUMMARY, ETC. | |
| Summary, etc | "Gripping... A heart-throbbing experience."--Hollywood Reporter |
| 521 8# - TARGET AUDIENCE NOTE | |
| Target audience note | MPAA rating: R. |
| 538 ## - SYSTEM DETAILS NOTE | |
| System details note | DVD. |
| 546 ## - LANGUAGE NOTE | |
| Language note | English audio; Spanish subtitles. |
| 546 ## - LANGUAGE NOTE | |
| Language note | English subtitles for the deaf and hard of hearing. |
| 650 #4 - SUBJECT ADDED ENTRY--TOPICAL TERM | |
| Topical term or geographic name as entry element | Foreign. |
| 9 (RLIN) | 5745512 |
| 655 #4 - INDEX TERM--GENRE/FORM | |
| Genre/form data or focus term | Documentary. |
| 9 (RLIN) | 5886588 |
| 700 1# - ADDED ENTRY--PERSONAL NAME | |
| Personal name | Barnes, Christine |
| 9 (RLIN) | 10460 |
| 700 1# - ADDED ENTRY--PERSONAL NAME | |
| Personal name | Bite, Hoselito |
| 9 (RLIN) | 5886589 |
| 700 1# - ADDED ENTRY--PERSONAL NAME | |
| Personal name | Confortola, Marco |
| 9 (RLIN) | 5886590 |
| 942 ## - ADDED ENTRY ELEMENTS (KOHA) | |
| Koha item type | DVD |
| 948 ## - LOCAL PROCESSING INFORMATION (OCLC); SERIES PART DESIGNATOR (RLIN) | |
| Series part designator, SPT (RLIN) | 02/24/2014 |
| z (OCLC) | Sirsi |
| 996 ## - | |
| -- | 107357 |
| -- | 34301001377607 |
| -- | DVD |
| -- | DVD |
| -- | wcl |
| -- | i |
| -- | 43 |
| -- | 24.98 |
| -- | micro |
| -- | 927.965 Sum |
| -- | 02/24/2014 |
| -- | 08/21/2019 |
| -- | 08/09/2019 |
| Withdrawn status | Lost status | Source of classification or shelving scheme | Damaged status | Not for loan | Collection code | Home library | Current library | Shelving location | Date acquired | Source of acquisition | Cost, normal purchase price | Total Checkouts | Total Renewals | Full call number | Barcode | Date last seen | Date checked out | Cost, replacement price | Price effective from | Koha item type |
|---|---|---|---|---|---|---|---|---|---|---|---|---|---|---|---|---|---|---|---|---|
| Dewey Decimal Classification | Movies | Wasatch County Library | Wasatch County Library | Audio Visual Area | 02/24/2014 | 24.98 | 45 | 1 | DVD 927.965 Sum | 34301001377607 | 03/07/2024 | 01/17/2023 | 24.98 | 03/20/2020 | DVD |
